00666cam a22002053a 45000010005000000030006000050050017000110080041000280400015000690420007000840500007000911000045000982450124001432600029002675060030002965160020003266530045003468300028003918560041004196083PGUSA20140828083128.0040701s2004||||xxu|||||s|||||000 1 eng d aPGUSAbeng adc 4aPZ1 aHayes, Clair W.q(Clair Wallace),d1887-14aThe Boy Allies with Haig in Flanders; Or, the Fighting Canadians of Vimy Ridgeh[electronic resource] /cClair W. Hayes bProject Gutenberg,c2004 aPublic domain in the USA. aElectronic text aWorld War, 1914-1918 -- Juvenile fiction 0aProject Gutenbergv608340uhttp://www.gutenberg.org/ebooks/6083